القرآن بين اللغة والواقع / (رقم التسجيلة. 108590)

تفاصيل مارك
000 -الفاتح
عناصر البيانات ثابتة الطول 00823cam a2200217 i 4500
005 - تاريخ ووقت آخر معاملة
حقل ضبط 20251126082418.0
008 - عناصر البيانات ثابتة الطول
عناصر البيانات ثابتة الطول 250721s2005 sy gr 000 0 ara d
082 14 - رقم تصنيف ديوي العشري
رقم التصنيف 211.6
رقم المادة ا س ل
100 1# - مدخل رئيسي – اسم شخصي
الاسم الشخصي إسلامبولي، سامر
علاقة الشخص بالعمل/ دوره مؤلف.
245 12 - بيان العنوان
العنوان القرآن بين اللغة والواقع /
بيان المسؤولية سامر إسلامبولي ؛ تقديم د. سمير حسن، د. محمد حبش.
250 ## - بيان الطبعة
بيان الطبعة الطبعة الأولى.
264 31 - بيانات النشر، التوزيع…إلخ
مكان النشر، التوزيع...إلخ دمشق :
اسم الناشر، الموزع...إلخ الأوائل للنشر والتوزيع،
تاريخ النشر، التوزيع...إلخ 2005.
300 ## - الوصف المادي
عدد الوحدات المكونة للوعاء 159 صفحة.
490 1# - بيان السلسلة
عنوان السلسلة أبحاث في اللغة والقرآن.
650 17 - مدخل إضافي بالموضوع - مصطلح موضوعي
مصطلح موضوعي أو اسم جغرافي كعنصر مدخل القرآن الكريم.
650 17 - مدخل إضافي بالموضوع - مصطلح موضوعي
مصطلح موضوعي أو اسم جغرافي كعنصر مدخل بلاغة القرآن.
650 17 - مدخل إضافي بالموضوع - مصطلح موضوعي
مصطلح موضوعي أو اسم جغرافي كعنصر مدخل اللغة.
830 #0 - مدخل إضافي بالسلسلة-عنوان مقنن
عنوان السلسسلة أبحاث في اللغة والقرآن.
942 ## - بيانات إضافية (كوها)
نوع التنصيف Dewey Decimal Classification
نوع المادة (كوها) كتب
المقتنيات
حالة السحب حالة الفقدان مصدر التصنيف حالة التلف غير قابل للإعارة المكتبة الرئيسية المكتبة الحالية موقع الرف تاريخ التزويد الرقم المتسلسل Total Checkouts رقم الإستدعاء الباركود تاريخ آخر ظهور تاريخ الفاتورة نوع المادة (كوها)
    Dewey Decimal Classification     المكتبة المركزية المكتبة المركزية الإعارة 28/07/2025 882739   211.6 / ا س ل 882739 28/07/2025 28/07/2025 كتب
Implemented & Customized by: BBB with SCIT (Smart Chains for Information Technology)

Powered by Koha